Análisis del nivel de satisfacción docente en los colegios públicos rurales (CPRs) de la provincia de Granada respecto al papel de las TICs en el aula (Record no. 151099)

MARC details
000 -CABECERA
campo de control de longitud fija 00817nab a2200253 a 4500
005 - FECHA Y HORA DE LA ÚLTIMA TRANSACCIÓN
campo de control 20210219161111.0
008 - ELEMENTOS DE LONGITUD FIJA--INFORMACIÓN GENERAL
campo de control de longitud fija 991125s1985 mx 000 0 spa u
035 ## - NÚMERO DE CONTROL DEL SISTEMA
Número de control de sistema UPN01000178996
100 1# - ASIENTO PRINCIPAL--NOMBRE PERSONAL
Nombre de persona Hinojo Lucena, Francisco Javier
222 ## - TÍTULO CLAVE
Título clave REVISTA DE CIENCIAS DE LA EDUCACION
245 ## - MENCIÓN DE TÍTULO
Título Análisis del nivel de satisfacción docente en los colegios públicos rurales (CPRs) de la provincia de Granada respecto al papel de las TICs en el aula
260 ## - PUBLICACIÓN, DISTRIBUCIÓN, ETC.
Lugar de publicación, distribución, etc. Madrid, España
300 ## - DESCRIPCIÓN FÍSICA
Extensión 33-60
362 0# - FECHAS DE PUBLICACIÓN Y/O DESIGNACIÓN SECUENCIAL
Fecha de publicación y/o designación secuencial 2010 No. 221, ene.-mar.
653 0# - TERMINO DE INDIZACION - NO CONTROLADO
Término no controlado ESCUELA RURAL
653 0# - TERMINO DE INDIZACION - NO CONTROLADO
Término no controlado PRACTICA DOCENTE
653 0# - TERMINO DE INDIZACION - NO CONTROLADO
Término no controlado ORGANIZACION ESCOLAR
653 0# - TERMINO DE INDIZACION - NO CONTROLADO
Término no controlado TICS
700 1# - ASIENTO SECUNDARIO--NOMBRE DE PERSONAL
Nombre de persona Raso Sánchez, Francisco,
700 1# - ASIENTO SECUNDARIO--NOMBRE DE PERSONAL
Término indicativo de función/relación coaut.
700 1# - ASIENTO SECUNDARIO--NOMBRE DE PERSONAL
Nombre de persona Hinojo Lucena, María Angustias,
700 1# - ASIENTO SECUNDARIO--NOMBRE DE PERSONAL
Término indicativo de función/relación coaut.
905 ## - TIPO DE MATERIAL
Tipo de material Articulo

No items available.